000
00330 a2200157 4500
001
50118
040
_c
Anchieta - Bela Vista
100
_a
Anchietinha Itaigara
240
1
0
_a
Contos
_l
por
245
1
0
_a
Contos
300
_a
35
362
0
_a
2008
440
1
_a
Anchietinha Itaigara
650
4
_a
Literatura juvenil
942
_c
BK
999
_c
50118
_d
50118